Shark Tank Cast Quiz Stats

Quiz not verified by Sporcle

Challenge
Share
Tweet
Embed
Score 0/6 Timer 01:00
0 Plays Today
% Correct
Robert Herjavec
87.3%
Lori Greiner
85.7%
Kevin O'Leary
84.9%
Daymond John
82.5%
Mark Cuban
69%
Barbara Corcoran
53.2%

You're not logged in!

Compare scores with friends on all Sporcle quizzes.
Join for Free
OR
Log In

You Might Also Like...

Show Comments

Extras

Curator's Pick Sep 14, 2017ReportNominate
Tags:Cast Quiz, Clickable Quiz, shark, tank

Top Quizzes Today


Score Distribution

Your Account Isn't Verified!

In order to create a playlist on Sporcle, you need to verify the email address you used during registration. Go to your Sporcle Settings to finish the process.

Report this User

Report this user for behavior that violates our Community Guidelines.

Details: